| Tag |
First Indicator |
Second Indicator |
Subfields |
| LEADER |
00000cam a22000001 4500 |
| 001 |
in00000061969 |
| 005 |
20151008051107.0 |
| 008 |
730605s1961 cau b 00000 eng |
| 010 |
|
|
|a 61014554
|
| 035 |
|
|
|a (OCoLC)00192471
|
| 035 |
|
|
|9 AAG5680AM
|
| 040 |
|
|
|a DLC
|c DLC
|d TXA
|d UtOrBLW
|
| 049 |
|
|
|a TXAM
|c [345540]
|
| 050 |
0 |
0 |
|a BF203
|b .H43
|
| 082 |
0 |
|
|a 150.1924
|
| 092 |
|
|
|a 150.1924
|b H514d
|
| 100 |
1 |
|
|a Henle, Mary,
|d 1913-2007.
|
| 245 |
1 |
0 |
|a Documents of Gestalt psychology.
|
| 264 |
|
1 |
|a Berkeley :
|b University of California Press,
|c 1961.
|
| 300 |
|
|
|a 352 pages ;
|c 24 cm.
|
| 336 |
|
|
|a text
|b txt
|2 rdacontent
|
| 337 |
|
|
|a unmediated
|b n
|2 rdamedia
|
| 338 |
|
|
|a volume
|b nc
|2 rdacarrier
|
| 504 |
|
|
|a Includes bibliography.
|
| 650 |
|
0 |
|a Gestalt psychology.
|
| 999 |
|
|
|a MARS
|
| 999 |
f |
f |
|s 0d6cb136-d33e-3f3b-9246-868a2569b084
|i e1a3d996-010e-3744-b871-7fc6882817b4
|t 0
|
| 952 |
f |
f |
|p ric
|a Texas A&M University
|b Rellis Campus
|c Joint Library Facility
|d Remote Storage
|t 0
|e BF203 .H43
|h Library of Congress classification
|i unmediated -- volume
|m A14800523259
|
| 998 |
f |
f |
|a BF203 .H43
|t 0
|l Remote Storage
|